[Event "HCL-B176"]
[Site "www.playchess.de"]
[Date "2001.02.18"]
[Round "11"]
[White "rafita"]
[Black "dakini"]
[WhiteElo "1365"]
[BlackElo "1414"]
[PlyCount "61"]
[Result "1-0"]

1.d4 {hello again, good luck!}  d5 {hello! I wanna 
play better this time ...   ;-))}  2.c4 {I surely 
hope not! ;-)}  e5 {So let`s see. You can be sure 
in HCL I don´t use any PC. That means more fun 
guarantieed ...}  3.dxe5 {I was kidding, I didn't 
mean to imply you were going to use a computer...} 
 d4 4.e4 Bb4+ 5.Bd2 a5 6.Bxb4 axb4 7.f4 c5 8.Nf3 
Nc6 9.Bd3 Nge7 10.O-O Ng6 11.g3 Bg4 12.Qe1 b3 
13.a3 h5 14.Nbd2 h4 15.Nxh4 Nxh4 16.gxh4 Rxh4 
17.Nxb3 b6 18.Qg3 Bh3 19.Be2 g6 20.Rf2 Ra7 21.f5 
Rd7 22.e6 Rd6 23.fxg6 Rxe6 24.gxf7+ Kf8 25.Qg8+ 
Ke7 26.f8Q+ {%}  Kd7 27.Rf7+ Re7 {nice diagram 
here ...}  28.Qfxd8+ {indeed}  Nxd8 29.Rxe7+ Kd6 
30.Qxd8+ Kc6 31.Qc7+ 1-0

[Event "HCL-A079"]
[Site "www.playchess.de"]
[Date "2001.02.18"]
[Round "2"]
[White "Lydeking"]
[Black "THE-WARRIOR"]
[WhiteElo "1534"]
[BlackElo "1700"]
[PlyCount "69"]
[Result "1-0"]

1.e4 e6 2.d4 d5 3.Nc3 Bb4 4.e5 Ne7 5.a3 Bxc3+ 
6.bxc3 c5 7.Nf3 Qc7 8.a4 Kf8 9.Bd3 c4 10.Be2 Nbc6 
11.Ba3 h6 12.Qd2 Bd7 13.O-O Kg8 14.Nh4 Kh7 15.f4 
Rhf8 16.Bg4 Rfg8 17.f5 exf5 18.Bxf5+ Nxf5 19.Nxf5 
Bxf5 20.Rxf5 Qd7 21.Raf1 Nd8 22.Bc1 Rf8 23.R5f6 
Rh8 24.Rxh6+ gxh6 25.Qxh6+ Kg8 26.Qg5+ Kf8 27.Ba3+ 
Ke8 28.Qg7 Qxa4 29.Qxh8+ Kd7 30.Qf8 Qa5 31.Bd6 Qb6 
32.h4 a5 33.h5 Ra6 34.h6 Ne6 35.Qxf7+ 1-0

[Event "HCL-C184"]
[Site "www.playchess.de"]
[Date "2001.02.18"]
[Round "3"]
[White "flywheel"]
[Black "patzer"]
[WhiteElo "1243"]
[BlackElo "715"]
[PlyCount "110"]
[Result "0-1"]

1.e4 e5 2.Nf3 Nc6 3.Bb5 Nf6 4.d3 Bc5 5.Bg5 O-O 
6.O-O h6 7.Bh4 Re8 8.Nc3 a6 9.Ba4 b5 10.Bb3 Bb7 
11.Nd5 Be7 12.Nxf6+ Bxf6 13.Bg3 Na5 14.c4 h5 15.h4 
bxc4 16.Bxc4 Nxc4 17.dxc4 Bxe4 18.Re1 Bb7 19.Nxe5 
d6 20.Nd3 Rxe1+ 21.Qxe1 Bxh4 22.Bxh4 Qxh4 23.f3 
Qxc4 24.Nf2 c5 25.Qe7 Qb4 26.b3 d5 27.Kh2 Qb6 
28.Nd3 Rc8 29.Ne5 Qc7 30.Qxc7 Rxc7 31.a4 f6 32.Nd3 
Kf7 33.Rc1 c4 34.bxc4 Rxc4 35.a5 Rxc1 36.Nxc1 Ke6 
37.Kg3 Kf5 38.f4 Ke4 39.Nb3 Bc8 40.Nc5+ Ke3 41.f5 
d4 42.Kh4 d3 43.Nxd3 Kxd3 44.Kxh5 Bxf5 45.g4 Bxg4+ 
46.Kxg4 Kc4 47.Kf5 g5 48.Kxf6 g4 49.Ke6 g3 50.Kd6 
g2 51.Kc6 g1Q {%}  52.Kb7 Kd5 53.Kxa6 Qb1 54.Ka7 
Kc6 55.Ka8 Qb7+ 0-1

[Event "ACL-A096"]
[Site "www.playchess.de"]
[Date "2001.02.18"]
[Round "4"]
[White "bj2000de"]
[Black "Stef"]
[WhiteElo "1500"]
[BlackElo "1500"]
[PlyCount "39"]
[Result "1-0"]

1.Nf3 d5 2.d4 Nc6 3.e3 Nh6 4.c4 b6 5.cxd5 Qxd5 
6.Nc3 Qe6 7.d5 Qd7 8.Bb5 e6 9.Bxc6 Qxc6 10.dxc6 
Bb4 11.e4 O-O 12.Bxh6 gxh6 13.Qd2 Bxc3 14.Qxc3 b5 
15.Ne5 a6 16.Qg3+ Kh8 17.O-O-O h5 18.Nxf7+ Rxf7 
19.Rd8+ Rf8 20.Rxf8+ 1-0

[Event "HCL-C189"]
[Site "www.playchess.de"]
[Date "2001.02.18"]
[Round "7"]
[White "dg"]
[Black "Jasper_Hattink"]
[WhiteElo "1087"]
[BlackElo "1000"]
[PlyCount "87"]
[Result "1-0"]

1.e4 e5 2.f4 Nc6 3.Nf3 Nge7 4.d3 d5 5.Nbd2 Bg4 
6.h3 Bxf3 7.Nxf3 f6 8.Qe2 d4 9.b3 Ng6 10.f5 Nf4 
11.Bxf4 exf4 12.Qf2 Bb4+ 13.Nd2 Qd6 14.a3 Bc3 
15.Rd1 O-O-O 16.a4 g6 17.Ke2 gxf5 18.Nc4 Qc5 
19.Qxf4 fxe4 20.Qxf6 Qh5+ 21.g4 Qe8 22.Qf5+ Kb8 
23.dxe4 Nb4 24.e5 Qf8 25.Qe4 c6 26.Bg2 Qc5 27.Nd6 
Qd5 28.Qxd5 Nxd5 29.Bxd5 cxd5 30.Nf7 Rhf8 31.Nxd8 
Rxd8 32.Kd3 a6 33.Rdf1 Rd7 34.Rf8+ Kc7 35.Rhf1 Kc6 
36.R1f7 Rxf7 37.Rxf7 b5 38.e6 Kc5 39.axb5 Kxb5 
40.e7 Kb4 41.e8Q {%}  Kc5 42.Rc7+ Kb6 43.Qc6+ Ka5 
{Well, make your last move, thanks for the game}  
44.Qc5+ 1-0

[Event "HCL-C189"]
[Site "www.playchess.de"]
[Date "2001.02.18"]
[Round "9"]
[White "dg"]
[Black "Stef"]
[WhiteElo "1087"]
[BlackElo "827"]
[PlyCount "61"]
[Result "1-0"]

1.e4 e5 2.Nf3 d6 3.Bc4 Be6 4.Bxe6 fxe6 5.d3 d5 
6.Nxe5 Bb4+ 7.Bd2 a5 8.c3 Bc5 9.d4 Bd6 10.Qh5+ g6 
11.Qg5 Nf6 12.exd5 exd5 13.Bf4 Nc6 14.Nxc6 bxc6 
15.O-O O-O 16.Bxd6 cxd6 17.Nd2 a4 18.a3 Rb8 
19.Rab1 Ne4 20.Qxd8 Rbxd8 21.Nxe4 dxe4 22.b3 axb3 
23.Rxb3 g5 24.Rfb1 h5 25.R3b7 g4 26.Rc7 Rdc8 
27.Ra7 Rce8 28.Rbb7 e3 29.Rbg7+ Kh8 30.Rgh7+ Kg8 
31.Rag7+ 1-0

[Event "ACL-A097"]
[Site "www.playchess.de"]
[Date "2001.02.18"]
[Round "14"]
[White "michaeljohn"]
[Black "Killer"]
[WhiteElo "1500"]
[BlackElo "1500"]
[PlyCount "33"]
[Result "1-0"]

1.d4 d5 2.c4 {Hello from Washington, DC.}  c6 
3.Nf3 Nf6 4.Nc3 e6 {france}  5.Bg5 {J'ai habite a 
St. Malo pendant une annee quand j'etais etudiant 
il y a 30 ans.}  Nbd7 6.cxd5 exd5 {cool}  7.e3 Qa5 
8.Bd3 Bb4 9.Qc2 O-O 10.O-O h6 11.Bh4 Re8 12.a3 
Bxc3 13.bxc3 {C'est trop tot pour un draw. Le 
partie vient de commencer.}  Ne4 14.c4 Ndf6 15.Ne5 
g5 16.f3 Nd2 17.Be1 1-0

[Event "HCL-B164"]
[Site "www.playchess.de"]
[Date "2001.02.18"]
[Round "26"]
[White "Killer"]
[Black "iq160"]
[WhiteElo "1500"]
[BlackElo "1301"]
[PlyCount "34"]
[Result "0-1"]

1.e4 d5 2.exd5 Qxd5 3.Nc3 Qa5 4.d4 Nf6 5.Nf3 Bf5 
6.Bd3 e6 7.O-O Bb4 8.Bd2 Bxd3 9.cxd3 Nc6 10.a3 Be7 
11.Rc1 O-O 12.Re1 Rfd8 13.Qb3 Rab8 14.Na2 Qh5 
15.Bc3 Nd5 {black is slightly better}  16.Ne5 {i 
don't think}  Nf4 {let's see what happens}  17.Bd2 
Ne2+ {if uwant a draw you shouldn't overlook a 
Knight-fork}  0-1

[Event "HCL-B164"]
[Site "www.playchess.de"]
[Date "2001.02.18"]
[Round "27"]
[White "iq160"]
[Black "Vampyr"]
[WhiteElo "1301"]
[BlackElo "1728"]
[PlyCount "47"]
[Result "1-0"]

1.e3 e5 2.c4 c5 3.d4 exd4 4.exd4 cxd4 5.Qxd4 Nc6 
6.Qe3+ Qe7 7.Nf3 Nf6 8.Qxe7+ Bxe7 9.Nc3 Nb4 10.Nd4 
Bc5 11.a3 Bxd4 12.axb4 O-O 13.Nb5 Re8+ 14.Be2 Bb6 
15.c5 Bd8 16.Rxa7 Rxa7 17.Nxa7 Bc7 18.Nxc8 Rxc8 
19.O-O d6 {would you to the draw?}  20.Bf3 {not 
yet}  b6 21.c6 d5 22.Rd1 {I'm gonna have a break 
for a couple of days, so long.}  Bd6 23.b5 {I will 
NOT accept the draw so forget it}  Rd8 24.Bg5 {I 
don't play for draw anymore!}  1-0

[Event "HCL-B164"]
[Site "www.playchess.de"]
[Date "2001.02.18"]
[Round "36"]
[White "iq160"]
[Black "Bill"]
[WhiteElo "1301"]
[BlackElo "1038"]
[PlyCount "55"]
[Result "1-0"]

1.e3 e5 2.c4 d6 3.Nc3 Nc6 4.Nf3 Nf6 5.d4 Bg4 6.d5 
Ne7 7.Qa4+ c6 8.Be2 Bd7 9.Qb3 Qb6 10.e4 Qxb3 
11.axb3 Ng6 12.Be3 a6 13.b4 cxd5 14.cxd5 Ng4 
15.Bd2 Be7 16.b5 a5 17.b4 Bd8 18.O-O b6 19.Rfb1 
Rb8 20.bxa5 {don't wanna jump to conclusion but I 
think you are in deep trouble}  bxa5 {doesn't look 
too good for me that's for sure!}  21.h3 Nf6 
22.Be3 {I'm gonna have a break for a couple of 
days, so long.}  Nf4 {Absence noted. I'll be away 
from Feb 19 - 23}  23.Bf1 Bb6 24.Bxb6 Rxb6 25.Nd2 
O-O 26.Nc4 {I think black is unequivocally lost}  
Rb7 27.Nxd6 Rc7 {I wanted to say you played a 
great game, I'll resign on next move.}  28.b6 {I 
played too many times for draw now I changed my 
mind}  1-0

[Event "HCL-B186"]
[Site "www.playchess.de"]
[Date "2001.02.18"]
[Round "3"]
[White "Goldhair"]
[Black "dg"]
[WhiteElo "1200"]
[BlackElo "1101"]
[PlyCount "47"]
[Result "1-0"]

1.e4 e5 2.Nf3 Nc6 3.Bb5 d6 4.d4 Bd7 5.Nc3 exd4 
6.Nxd4 Nxd4 7.Qxd4 a6 8.Bxd7+ Qxd7 9.Bf4 Nf6 
10.Kd1 Be7 11.Kd2 O-O 12.Rad1 c5 {i have read your 
mail..what can i do?}  13.Qe3 b5 14.Kc1 Rfe8 15.e5 
Ng4 16.Qf3 b4 17.exd6 Bh4 18.Ne4 Rad8 19.Nxc5 Qf5 
20.d7 Re7 21.Rd5 Ne5 22.Bxe5 Qxf3 23.gxf3 Bxf2 
24.Bc7 1-0

[Event "HCL-B185"]
[Site "www.playchess.de"]
[Date "2001.02.18"]
[Round "2"]
[White "O_Man"]
[Black "Translightor"]
[WhiteElo "1096"]
[BlackElo "1413"]
[PlyCount "50"]
[Result "0-1"]

1.e4 c5 {Hello again, fellow-winner of C138!}  
2.Nc3 {hello to you, oh victor over min in C138!}  
e6 {This might be your revenge!}  3.Bc4 {doubt it, 
I looked at your history, you are a better 
player......please make a major mistake.}  a6 
{Sometimes I make a major mistake indeed... but 
not just because someone begs me to!}  4.Nf3 {hey, 
I'm not too proud to beg.}  b5 {I like your humor 
- but I'm too proud to throw games away.}  5.Be2 
{okay then, good luck to you}  Bb7 {If you set the 
board on fire like you did last time, anything can 
be possible!}  6.d4 {never did have much patience} 
 cxd4 7.Nxd4 {here we go!}  d6 8.Nf3 Qc7 9.Be3 Nc6 
10.O-O Nf6 11.Bf4 Rd8 12.h3 Be7 13.Bd3 Nb4 14.e5 
dxe5 15.Nxe5 Nxd3 16.cxd3 Bd6 17.Re1 O-O 18.Rc1 
Qb8 19.a4 b4 20.Ne4 Nxe4 21.Nc6 {I knew better, 
forgot about the pin}  Bxc6 22.Rxc6 Bxf4 23.Rxe4 
Be5 24.Rxa6 Qb7 25.Ra5 Qxe4 {I'd rather say that 
your sacrifices were better motivated in the first 
game.}  0-1

[Event "HCL-C195"]
[Site "www.playchess.de"]
[Date "2001.02.18"]
[Round "8"]
[White "heZZZie"]
[Black "Coney"]
[WhiteElo "1462"]
[BlackElo "1034"]
[PlyCount "27"]
[Result "1-0"]

1.e4 e5 2.Nf3 Nc6 3.Bc4 Bc5 4.b4 Bxb4 5.c3 Ba5 
6.d4 exd4 7.O-O Nge7 8.Ng5 O-O 9.Qh5 h6 10.Nxf7 
Rxf7 11.Bxf7+ Kh8 12.Bxh6 g6 13.Bxg6 Nxg6 
14.Bg5+ 1-0

[Event "HCL-B103"]
[Site "www.playchess.de"]
[Date "2001.02.18"]
[Round "5"]
[White "johnk"]
[Black "FdeJong"]
[WhiteElo "1500"]
[BlackElo "1200"]
[PlyCount "37"]
[Result "1-0"]

1.e4 e5 2.Nf3 Nc6 3.Bc4 Nh6 4.d4 exd4 5.Nxd4 Nxd4 
6.Qxd4 c5 7.Qc3 f6 8.O-O d6 9.Qb3 b6 10.Bxh6 gxh6 
11.Nc3 Bg7 12.Rad1 f5 13.exf5 Bxf5 14.Bb5+ Bd7 
15.Rxd6 Qe7 16.Bxd7+ Kd8 17.Qd5 Bd4 18.Qxa8+ Kc7 
19.Nb5+ 1-0

[Event "HCL-B103"]
[Site "www.playchess.de"]
[Date "2001.02.18"]
[Round "7"]
[White "ca_blonde"]
[Black "pdqbach"]
[WhiteElo "1200"]
[BlackElo "1307"]
[PlyCount "57"]
[Result "1-0"]

1.d4 d5 2.c4 e6 3.e3 Bb4+ 4.Bd2 a5 5.Bd3 Bxd2+ 
6.Nxd2 dxc4 7.Bxc4 Nf6 8.Ne2 O-O 9.O-O Nc6 10.Rc1 
Na7 11.Qc2 c6 12.Rfd1 Bd7 13.Bd3 Rc8 14.e4 b6 
15.e5 g6 16.exf6 Qxf6 17.Nc4 Qd8 18.Qd2 c5 19.Nd6 
Rc6 20.dxc5 bxc5 21.Be4 Rc7 22.Qxa5 f5 23.Bf3 Bb5 
24.Nxb5 Qxd1+ 25.Rxd1 Nxb5 26.Qxb5 Rff7 27.Qe8+ 
Kg7 28.Nf4 Rfe7 29.Nxe6+ 1-0

[Event "HCL-B103"]
[Site "www.playchess.de"]
[Date "2001.02.18"]
[Round "8"]
[White "FdeJong"]
[Black "ca_blonde"]
[WhiteElo "1200"]
[BlackElo "1200"]
[PlyCount "22"]
[Result "0-1"]

1.Nc3 d5 2.Nf3 d4 3.Nb5 Nc6 4.c3 dxc3 5.Nxc3 e5 
6.e4 Nge7 7.Bd3 Qxd3 8.g3 Bg4 9.Nxe5 Nxe5 10.Qa4+ 
N7c6 11.Nd5 Qe2+ 0-1

[Event "HCL-B103"]
[Site "www.playchess.de"]
[Date "2001.02.18"]
[Round "10"]
[White "johnk"]
[Black "ca_blonde"]
[WhiteElo "1500"]
[BlackElo "1200"]
[PlyCount "64"]
[Result "0-1"]

1.e4 e5 2.Nf3 d5 3.exd5 Qxd5 4.Nc3 Qe6 5.d3 Nc6 
6.Be2 Bb4 7.O-O h6 8.Bd2 Nf6 9.Re1 O-O 10.Bf1 Qf5 
11.a3 Bd6 12.Nb5 Bd7 13.Nxd6 cxd6 14.Bc3 Rae8 
15.g3 Nd5 16.Nh4 Qf6 17.Bd2 g5 18.Ng2 Nd4 19.Be2 
Nb6 20.c3 Ba4 21.Qb1 Bc2 22.Qc1 Nxe2+ 23.Rxe2 Bxd3 
24.Re1 d5 25.Qd1 Be4 26.Re3 Nc4 27.Rxe4 dxe4 
28.Qc2 Qf3 29.Ne1 Qg4 30.Kg2 Qe2 31.b3 Nxd2 32.Rd1 
Qf1+ 0-1

[Event "HCL-A046"]
[Site "www.playchess.de"]
[Date "2001.02.19"]
[Round "3"]
[White "gambitfanatic"]
[Black "Mandrake"]
[WhiteElo "1422"]
[BlackElo "1498"]
[PlyCount "29"]
[Result "1-0"]

1.d4 Nc6 2.Nf3 d5 3.c4 Bg4 4.cxd5 Qxd5 5.Nc3 Qa5 
6.e4 O-O-O 7.d5 Ne5 8.Bd2 Qb4 9.Nb5 Qxe4+ 10.Qe2 
Bxf3 11.gxf3 Nxf3+ 12.Kd1 Qxd5 13.Bg2 Qxd2+ 
14.Qxd2 Rxd2+ 15.Kc1 1-0

[Event "HCL-A046"]
[Site "www.playchess.de"]
[Date "2001.02.19"]
[Round "16"]
[White "Patmatter"]
[Black "Felix"]
[WhiteElo "1900"]
[BlackElo "1570"]
[PlyCount "40"]
[Result "1/2-1/2"]

1.c4 Nf6 2.Nf3 g6 3.Nc3 Bg7 4.e4 d6 5.d4 O-O 6.Be2 
e5 7.O-O Nbd7 8.d5 Nc5 9.Qc2 a5 10.Bg5 h6 11.Be3 
b6 12.Nd2 Ng4 13.Bxg4 Bxg4 14.f4 exf4 15.Rxf4 Bd7 
16.Raf1 Qe7 17.Nb5 Na6 18.Bd4 Nb4 19.Qb3 Na6 
20.Bxg7 Kxg7 1/2-1/2

[Event "HCL-A049"]
[Site "www.playchess.de"]
[Date "2001.02.19"]
[Round "11"]
[White "paule"]
[Black "Gorodish"]
[WhiteElo "1819"]
[BlackElo "1675"]
[PlyCount "115"]
[Result "1-0"]

1.e4 e5 2.Nf3 Nc6 3.Bb5 a6 4.Ba4 Nf6 5.O-O Be7 
6.Re1 b5 7.Bb3 d6 8.c3 O-O 9.h3 Na5 10.Bc2 c5 
11.d4 Qc7 12.Nbd2 cxd4 13.cxd4 Nc6 14.Nb3 Bb7 
15.d5 Nb4 16.Bb1 Rac8 17.Bd2 Nc2 18.Ba5 Nxe1 
19.Bxc7 Nxf3+ 20.Qxf3 Rxc7 21.Bd3 Rfc8 22.a4 Rb8 
23.axb5 axb5 24.Ra7 Bd8 25.Qe2 b4 26.Ba6 Ba8 
27.Rxc7 Bxc7 28.Qc4 Bd8 29.f3 Ne8 30.Bb5 Nc7 
31.Bc6 Kf8 32.Kf1 Ke7 33.Nc1 Bxc6 34.dxc6 Ne6 
35.Nd3 Ba5 36.g3 g5 37.Qa6 Bc7 38.Kg2 Nc5 39.Qa7 
Ne6 40.b3 Rb6 41.Qa8 {Sorry...Very interesting 
position...Let's play little more.}  Rb8 {o.k. no 
problem}  42.Qa1 Nd4 43.Qc1 Nxb3 44.Qxg5+ Kf8 
45.f4 Nd4 46.fxe5 Ne6 47.Qh6+ Ke8 48.exd6 Bxd6 
49.Qxh7 b3 50.Qh8+ Ke7 51.Qc3 f6 52.h4 Rb5 53.g4 
Bc7 54.h5 Ba5 55.Qc4 Rb6 56.c7 b2 57.c8Q {%}  b1Q 
{%}  58.h6 1-0

[Event "HCL-A050"]
[Site "www.playchess.de"]
[Date "2001.02.19"]
[Round "4"]
[White "Matti"]
[Black "Kaprije"]
[WhiteElo "1700"]
[BlackElo "1661"]
[PlyCount "41"]
[Result "1-0"]

1.d4 Nf6 2.c4 g6 3.Nc3 Bg7 4.e4 d6 5.f3 O-O 6.Be3 
Nc6 7.Bd3 e5 8.d5 Ne7 9.Nge2 Ne8 10.O-O f5 11.Rc1 
f4 12.Bf2 g5 13.b4 b6 14.c5 Ng6 15.a4 h5 16.Bb5 g4 
17.Kh1 h4 18.fxg4 Bxg4 19.h3 Bh5 20.Qe1 f3 
21.Ng1 1-0

[Event "HCL-A050"]
[Site "www.playchess.de"]
[Date "2001.02.19"]
[Round "6"]
[White "DieHard"]
[Black "Kaprije"]
[WhiteElo "2091"]
[BlackElo "1661"]
[PlyCount "26"]
[Result "0-1"]

1.d4 Nf6 2.c4 g6 3.Nc3 Bg7 4.e4 d6 5.Nf3 O-O 6.Be2 
Nc6 7.O-O e5 8.d5 Ne7 9.Ne1 Ne8 10.Be3 f5 11.f3 f4 
12.Bf2 g5 13.c5 h5 0-1

[Event "HCL-A057"]
[Site "www.playchess.de"]
[Date "2001.02.19"]
[Round "8"]
[White "Anhillator"]
[Black "klypp"]
[WhiteElo "1900"]
[BlackElo "2138"]
[PlyCount "22"]
[Result "0-1"]

1.d4 Nf6 2.c4 e6 3.Nc3 Bb4 4.f3 c5 5.d5 Bxc3+ 
6.bxc3 Qa5 7.Bd2 d6 8.e4 O-O 9.Ne2 Nbd7 10.Ng3 b6 
11.Be2 Ne5 0-1

[Event "HCL-A060"]
[Site "www.playchess.de"]
[Date "2001.02.19"]
[Round "9"]
[White "Mr_Arnaud"]
[Black "westman"]
[WhiteElo "1646"]
[BlackElo "1700"]
[PlyCount "68"]
[Result "0-1"]

1.e4 d5 2.exd5 Nf6 3.d4 Qxd5 4.c4 Qd8 5.Nc3 c6 
6.Nf3 g6 7.Be3 Bg7 8.Qc2 O-O 9.Bd3 Nbd7 10.Rd1 Re8 
11.O-O Qc7 12.d5 cxd5 {Nice to hear from you!!!}  
13.cxd5 Nb6 {I like to play a little bit more.}  
14.Bxb6 Qxb6 15.Rfe1 Bg4 16.Re3 Rac8 17.Qd2 Rxc3 
18.bxc3 {Strange!}  Nxd5 {I love strange things! 
You not?}  19.Rb1 {i hate play against computer}  
Qc7 {Thank you for the compliment, but I'm only 
human.}  20.Be4 Nxe3 21.Rxb7 {i give you draw}  
Qxc3 {I like to play a little bit more. Sorry!}  
22.Qxc3 Bxc3 23.fxe3 {it is draw!}  a5 24.Bc6 Rc8 
25.Ba4 e6 26.Bb3 Bf5 27.Ng5 {easy draw!}  Rf8 
28.h3 h6 29.Nf3 g5 30.Nd4 Be4 31.Rc7 {you had not 
any advantage}  Bxd4 {I don't think so, but you 
can show me, that you can hold it draw!!! I wait!} 
 32.exd4 Rd8 {why not?}  33.Rc5 Rxd4 {Thank you!!! 
Now is my advantage a little bit better!!! I knew 
that is better to play. ;P}  34.Rxa5 Rd2 {Now is 
my advantage more and more and...} 
 0-1

[Event "HCL-B053"]
[Site "www.playchess.de"]
[Date "2001.02.19"]
[Round "21"]
[White "lastrada"]
[Black "wolverine"]
[WhiteElo "1200"]
[BlackElo "1200"]
[PlyCount "61"]
[Result "1-0"]

1.c4 Nf6 2.d4 g6 3.Nc3 Bg7 4.e4 d6 5.Nf3 O-O 6.Be2 
e5 7.O-O exd4 8.Nxd4 Bd7 9.Bg5 Nc6 10.Nxc6 Bxc6 
11.f3 Qe8 12.Be3 Qe5 13.Bd4 Qg5 14.Nd5 Bxd5 
15.cxd5 Nh5 16.Bxg7 Nf4 17.g3 Kxg7 18.Bc4 Nh3+ 
19.Kh1 f5 20.f4 Qh6 21.Qd4+ Kg8 22.e5 Qg7 23.Rae1 
a6 24.Kg2 Qh6 25.e6 Rae8 26.Qa7 Reb8 27.Bb3 g5 
28.e7 Rfe8 29.Qe3 g4 30.Bc2 Qg6 
31.Qe6+ 1-0

[Event "HCL-B060"]
[Site "www.playchess.de"]
[Date "2001.02.19"]
[Round "29"]
[White "Pelikan"]
[Black "mrchess"]
[WhiteElo "1228"]
[BlackElo "1588"]
[PlyCount "99"]
[Result "1-0"]

1.e4 d6 2.Nf3 Nd7 3.Bc4 Ngf6 4.d3 e5 5.Ng5 d5 
6.exd5 Nb6 7.Bb5+ Bd7 8.Bxd7+ Qxd7 9.c4 Qg4 
10.Qxg4 Nxg4 11.O-O Nd7 12.h3 Ngf6 13.Re1 Be7 
14.Nf3 Bd6 15.Bf4 O-O 16.Bxe5 Nxe5 17.Nxe5 Rfe8 
18.Nf3 Rxe1+ 19.Nxe1 Re8 20.Nc3 Bb4 21.Kf1 Bxc3 
22.bxc3 a6 23.a4 Nd7 24.d4 Kf8 25.Nf3 b6 26.Re1 
Rd8 27.Ne5 Nb8 28.a5 Rd6 29.Rb1 f6 30.axb6 cxb6 
31.Nc6 Nd7 32.Nb4 a5 33.Nd3 g5 34.g4 Kf7 35.f4 h6 
36.f5 Nf8 37.Nf2 Rd7 38.Rxb6 Ra7 39.Nd3 a4 40.Rb1 
a3 41.Ra1 Nd7 42.Nb4 Nb6 43.c5 Nc4 44.d6 Nd2+ 
45.Ke1 Ne4 46.c4 Ra4 47.d7 Ke7 48.Nd5+ Kd8 49.c6 
Ra8 50.c7+ 1-0

[Event "HCL-B089"]
[Site "www.playchess.de"]
[Date "2001.02.19"]
[Round "1"]
[White "DTG007"]
[Black "Pragmatist"]
[WhiteElo "1006"]
[BlackElo "1500"]
[PlyCount "30"]
[Result "0-1"]

1.e4 c6 2.d4 d5 3.Nc3 dxe4 4.Nxe4 Bf5 5.Ng3 Bg6 
6.Nf3 Nd7 7.h4 h6 8.h5 Bh7 9.Bd3 Bxd3 10.Qxd3 Ngf6 
11.Bf4 Qa5+ 12.c3 e6 13.O-O Nxh5 14.Nxh5 Qxh5 
15.Rfe1 Be7 0-1

[Event "HCL-B095"]
[Site "www.playchess.de"]
[Date "2001.02.19"]
[Round "3"]
[White "DTG007"]
[Black "Gorodish"]
[WhiteElo "1006"]
[BlackElo "1789"]
[PlyCount "54"]
[Result "0-1"]

1.e4 c5 2.c3 d6 3.d4 Nf6 4.Bd3 Nc6 5.Be3 Qb6 6.Qb3 
Qxb3 7.axb3 cxd4 8.cxd4 Nb4 9.Bb5+ Kd8 10.Ra4 Nc2+ 
11.Kd2 Nxe3 12.Kxe3 a6 13.Nc3 Rb8 14.Bd3 Bd7 
15.Ra5 g6 16.Nf3 Bh6+ 17.Ke2 Kc7 18.Rc1 Bxc1 
19.Ra2 Bg4 20.h3 Bxf3+ 21.Kxf3 Rhc8 22.h4 h5 
23.Kg3 Kd7 24.Ne2 Bh6 25.f4 Rc6 26.Ra5 Rb6 27.e5 
Rxb3 0-1

[Event "HCL-B095"]
[Site "www.playchess.de"]
[Date "2001.02.19"]
[Round "8"]
[White "DTG007"]
[Black "Gruhni"]
[WhiteElo "1006"]
[BlackElo "1431"]
[PlyCount "46"]
[Result "0-1"]

1.e4 e5 2.Nf3 Nc6 3.Bc4 Bc5 4.c3 d6 5.d4 exd4 
6.cxd4 Bb6 7.b3 Bg4 8.Nbd2 Nxd4 9.h3 Nxf3+ 10.Nxf3 
Bxf3 11.Qxf3 Qf6 12.Qxf6 Nxf6 13.f3 O-O-O 14.Bb2 
Rd7 15.O-O-O Rhd8 16.g4 Be3+ 17.Kb1 d5 18.exd5 
Nxd5 19.Bxd5 R7xd5 20.Rxd5 Rxd5 21.Rh2 f6 22.Re2 
Bb6 23.Re7 Rd7 0-1

[Event "HCL-B101"]
[Site "www.playchess.de"]
[Date "2001.02.19"]
[Round "7"]
[White "Hubble"]
[Black "JABBERWOCKY"]
[WhiteElo "1733"]
[BlackElo "1346"]
[PlyCount "69"]
[Result "1-0"]

1.e4 c5 2.g3 d6 3.Bg2 Nc6 4.Ne2 e5 5.Nbc3 Nf6 
6.O-O Be7 7.d3 Nd4 8.Nxd4 cxd4 9.Ne2 O-O 10.c3 
dxc3 11.Nxc3 Bd7 12.Be3 Ng4 13.Bd2 Qb6 14.Nd5 Bd8 
15.Nxb6 Bxb6 16.Bb4 Bc5 17.Bxc5 dxc5 18.Bh3 Nf6 
19.Bxd7 Nxd7 20.f4 f6 21.Qb3+ Rf7 22.Qxb7 Nb6 
23.Qa6 h6 24.fxe5 Rd8 25.Rad1 Rd4 26.Qb5 Nd7 27.e6 
Rb4 28.exf7+ Kxf7 29.Qxd7+ Kg6 30.Qf5+ Kf7 31.e5 
Rb6 32.exf6 Rxf6 33.Qd7+ Kg6 34.Rxf6+ Kxf6 
35.Re1 1-0

[Event "HCL-B132"]
[Site "www.playchess.de"]
[Date "2001.02.19"]
[Round "19"]
[White "esquire99"]
[Black "Nulnulnix"]
[WhiteElo "1400"]
[BlackElo "920"]
[PlyCount "50"]
[Result "1/2-1/2"]

1.Nf3 d5 2.d4 Nc6 3.g3 Nf6 4.Bg2 Ne4 5.Kf1 f5 6.c3 
Qd6 7.Bf4 Qd7 8.Nbd2 h6 9.Nb3 b6 10.Rc1 e6 11.Ne5 
Nxe5 12.Bxe5 Bd6 13.e3 Ba6+ 14.Kg1 O-O-O 15.Bf1 
Bxf1 16.Qxf1 Bxe5 17.dxe5 Qa4 18.Ra1 c5 19.Qe2 h5 
20.f3 Ng5 21.h4 Nf7 22.f4 Kc7 23.Kf2 Nh6 24.Rhd1 
Ng4+ 25.Ke1 g6 {How about a draw ? I'm almost out 
of ideas how to break your wall} 
 1/2-1/2

[Event "HCL-B134"]
[Site "www.playchess.de"]
[Date "2001.02.19"]
[Round "20"]
[White "costajr"]
[Black "kherubim"]
[WhiteElo "1413"]
[BlackElo "1629"]
[PlyCount "38"]
[Result "0-1"]

1.e4 e5 2.Nf3 Nc6 3.Bc4 Nf6 4.Ng5 d5 5.exd5 Na5 
6.Bb5+ c6 7.dxc6 bxc6 8.Qf3 Rb8 9.Bxc6+ Nxc6 
10.Qxc6+ Nd7 11.d3 Be7 12.Ne4 Rb6 13.Qc4 O-O 
14.O-O Ba6 15.Qa4 f5 16.Be3 Rg6 17.Qb3+ Kh8 
18.Nec3 f4 {Good to see you back!}  19.Bxa7 
Qa8 0-1

[Event "HCL-C051"]
[Site "www.playchess.de"]
[Date "2001.02.19"]
[Round "2"]
[White "CEAuke"]
[Black "vulcan"]
[WhiteElo "944"]
[BlackElo "1000"]
[PlyCount "74"]
[Result "0-1"]

1.d4 Nf6 2.Nc3 g6 3.Nf3 d5 4.h4 Bg7 5.Bg5 Nc6 6.e3 
Bg4 7.Bb5 O-O 8.Qd2 Bxf3 9.gxf3 a6 10.Bd3 Nb4 
11.a3 Nxd3+ 12.Qxd3 c6 13.f4 Ne8 14.h5 f5 15.O-O-O 
Nd6 16.Rdg1 Ne4 17.Nxe4 dxe4 18.Qc4+ Qd5 19.Qxd5+ 
cxd5 20.hxg6 hxg6 21.Bh6 Bxh6 22.Rxh6 Kg7 
23.Rgxg6+ Kf7 24.Rg5 e6 25.Rh7+ Kf6 26.Rgh5 Rfg8 
27.Rxb7 Rg2 28.Rb6 Rxf2 29.Rh6+ Kf7 30.Rb7+ Kg8 
31.Rxe6 Rc8 32.c3 Re2 33.Rg6+ Kh8 34.Rbb6 Rxe3 
35.Rgh6+ Kg7 36.Rbg6+ Kf7 37.Rgf6+ 
Kg7 0-1

[Event "HCL-C071"]
[Site "www.playchess.de"]
[Date "2001.02.19"]
[Round "23"]
[White "Silver_Fox"]
[Black "guerino"]
[WhiteElo "1000"]
[BlackElo "800"]
[PlyCount "97"]
[Result "1-0"]

1.e4 c5 2.b4 cxb4 3.d4 d6 4.Nf3 Bg4 5.Be2 Nf6 
6.Nbd2 e6 7.O-O Be7 8.a3 Qb6 9.Nc4 Qc6 10.axb4 O-O 
11.e5 dxe5 12.Ncxe5 Qc3 13.Bd2 Qc7 14.c4 Nc6 15.b5 
Nxe5 16.Nxe5 Bxe2 17.Qxe2 Rfd8 18.Be3 Bd6 19.f4 
Ne4 20.c5 Be7 21.Rfc1 f6 22.Nc4 f5 23.Ne5 Bf6 
24.Qc4 Qc8 25.b6 a6 26.c6 Bxe5 27.fxe5 bxc6 
28.Qxc6 Qxc6 29.Rxc6 Rdb8 30.Rxe6 Rb7 31.d5 Nc3 
32.d6 Nd5 33.Bd4 Nxb6 34.Bxb6 Rxb6 35.Re7 Kf8 
36.Rd1 Rd8 37.Rc7 a5 38.Ra7 a4 39.Rxa4 Rd7 40.Re1 
Rb8 41.Ra6 Ke8 42.e6 Rdd8 43.Rd1 h6 44.Ra7 Rb6 
45.Re7+ Kf8 46.Rf7+ Kg8 47.e7 Re8 48.Rxf5 Rbb8 
49.Rdf1 1-0

[Event "HCL-C120"]
[Site "www.playchess.de"]
[Date "2001.02.19"]
[Round "11"]
[White "vulcan"]
[Black "Jester"]
[WhiteElo "988"]
[BlackElo "1359"]
[PlyCount "37"]
[Result "1-0"]

1.e4 e5 2.Nf3 Nf6 3.d4 Nxe4 4.Bd3 d5 5.Nxe5 Nd7 
6.Bxe4 dxe4 7.Qh5 Nxe5 8.Qxe5+ Qe7 9.Bf4 Qxe5 
10.Bxe5 c6 11.Nd2 Bf5 12.O-O-O O-O-O 13.Nf1 f6 
14.Bg3 h5 15.h3 h4 16.Bh2 Be6 17.a3 g6 18.Ne3 Bh6 
19.Kb1 1-0